El Mediterráneo en la historia

Збережено в:
Бібліографічні деталі
Автор: Abulafia, David (Автор)
Формат: Книга
Мова:Іспанська
Опубліковано: Barcelona Crítica 2003
Предмети:
Теги: Додати тег
Немає тегів, Будьте першим, хто поставить тег для цього запису!

MARC

LEADER 00000cam a2200000 a 4500
001 UCG8915
003 CL-VaPUC
008 120106e20030000SP |||||||||||||||||spa|d
020 |a 8484324834 
082 0 4 |a 909.09822  |b ABU  |2 21 
100 0 |a Abulafia, David  |e author  |9 560191 
245 1 3 |a El Mediterráneo en la historia 
300 |a 320 p 
942 |c BK 
945 |d 20120106 00:00:00  |a dcastane 
260 |a Barcelona  |b Crítica  |c 2003 
650 7 |a REGION MEDITERRANEA  |2 CL-VaPUC  |9 560192 
650 0 |a Historia de Europa  |9 392003 
650 7 |a HISTORIA DE AFRICA  |2 CL-VaPUC  |9 437682 
583 |a last modification  |c 20120106 11:45:00  |k Rodrigo Vera 
999 |c 346502  |d 346500 
952 |0 0  |1 0  |4 0  |6 909_098220000000000_ABU_2003  |7 0  |8 A  |9 447198  |a BIBHIS  |b BIBHIS  |d 2019-11-22  |i 4819837  |o 909.09822 ABU 2003  |p 4819837  |r 2025-01-20  |w 2019-11-22  |y BK  |k HIS